แสดงรายละเอียดบรรณานุกรม
  กลับหน้าหลัก

Brief Record : Get Marc (ISO 2709) : E-mail record : QR code ปิดหน้าต่าง
E-books : เกี่ยวกับ Collections
LEADER 00000nam 2200000uu 4500
001    214384
003     ULIBM
008    020711s2568 th a 000 0 tha d
020    ^a9789746302005
041    ^atha^beng
060  4 ^aWY157 ป147ท 2568
100    ^aปณิตา ปรีชากรกนกุล
245 10 ^aทักษะปฏิบัติการพยาบาลมารดา-ทารกและการผดุงครรภ์/^cผู้เขียน ปณิตา ปรีชากรกนกุล, อินทิพร ปักเคเต, แสงเดือน จินดาไพศาล และศุกลรัตน์ ชาญวิรัตน์
250    ^aพิมพ์ครั้งที่ 1
260    ^aนครราชสีมา :^bมิตรภาพการพิมพ์,^c2568
300    ^a258 หน้า :^bภาพประกอบ ;^c30 ซม.
505 0  ^aบทที่ 1 ทักษะปฏิบัติ: การรับฝากครรภ์ - - บทที่ 2 ทักษะปฏิบัติ: การรับใหม่ผู้คลอด - - บทที่ 3 ทักษะปฏิบัติ: การเฝ้าคลอด - - บทที่ 4 ทักษะปฏิบัติ: การช่วยคลอด - - บทที่ 5 ทักษะปฏิบัติ: การทำคลอดปกติ - - บทที่ 6 ทักษะปฏิบัติ: การดูแลทารกแรกเกิดทันที - - บทที่ 7 ทักษะปฏิบัติ: การดูแลในระยะ 2 ชั่วโมงแรกหลังคลอด - - บทที่ 8 ทักษะปฏิบัติ: การประเมินสภาพมารดาหลังคลอดปกติ
650  4 ^aการพยาบาลสูติศาสตร์
650  4 ^aการพยาบาลกุมารเวชศาสตร์
650  4 ^aการคลอด
650  4 ^aการตั้งครรภ์
650  4 ^aทารกแรกเกิด
700 0  ^aอินทิพร ปักเคเต
700 0  ^aแสงเดือน จินดาไพศาล
700 0  ^aศุกลรัตน์ ชาญวิรัตน์
710 2  ^aมหาวิทยาลัยวงษ์ชวลิตกุล.^bคณะพยาบาลศาสตร์.
999    ^aใช้งานได้ทุกระบบ
รายการนี้ยังไม่มีแท็ก
คุณยังไม่ได้ล็อกอิน คุณสามารถมีกิจกรรมร่วมกับเว็บไซต์ได้ แต่ต้องล็อกอินก่อน ::
  ล็อกอิน
ลำดับที่ ประเภท เลขเรียก สถานที่ สถานะ
1. การพยาบาล (ตำราหลัก)
การพยาบาล (ตำราหลัก)
WY157 ป147ท 2567 2568 ฉ.1 
  
การพยาบาลมารดาทารก On Shelf
  ขอยืม
Note:จัดซื้อปีงบประมาณ 2568
2. การพยาบาล (ตำราหลัก)
การพยาบาล (ตำราหลัก)
WY157 ป147ท 2567 2568 ฉ.2 
  
การพยาบาลมารดาทารก ถูกยืม กำหนดส่งวันที่ 12 มิถุนายน 2569
  จอง
Note:จัดซื้อปีงบประมาณ 2568
3. การพยาบาล (ตำราหลัก)
การพยาบาล (ตำราหลัก)
WY157 ป147ท 2567 2568 ฉ.3 
  
การพยาบาลมารดาทารก On Shelf
  ขอยืม
Note:จัดซื้อปีงบประมาณ 2568
4. การพยาบาล (ตำราหลัก)
การพยาบาล (ตำราหลัก)
WY157 ป147ท 2567 2568 ฉ.4 
  
การพยาบาลมารดาทารก On Shelf
  ขอยืม
Note:จัดซื้อปีงบประมาณ 2568
5. การพยาบาล (ตำราหลัก)
การพยาบาล (ตำราหลัก)
WY157 ป147ท 2567 2568 ฉ.5 
  
การพยาบาลมารดาทารก On Shelf
  ขอยืม
Note:จัดซื้อปีงบประมาณ 2568
   [แสดง 5/5 รายการ]

รายการใกล้เคียง
    หัวเรื่อง [การพยาบาลสูติศาสตร์]
    หัวเรื่อง [การพยาบาลกุมารเวชศาสตร์]
    หัวเรื่อง [การคลอด]
    หัวเรื่อง [การตั้งครรภ์]
    หัวเรื่อง [ทารกแรกเกิด]

BibComment


ยังไม่เคยถูกคอมเมนท์

คอมเมนท์ทรัพยากรรายการนี้
  คอมเมนท์: ทักษะปฏิบัติการพ..
Bib 214384

 
 
 

 Union Library Management : ULibM
Copyright 2026. All Rights Reserved.
скачать бесплатно без регистрации порно красивый секс HD Sex Hindi sex

xxx gou

xxxx

bfxxx

xxxwww

Секса Видео

xxxx

Секса Видео

detube

geilexxx

C99 Shell

worms shell

blod xxx video
Ebony Coed Rihanna Rimes Takes A Dick In Her Young Twat priyaa indian fuck anal and pusssy hardcore indian women xxx desi hardcore fucking part 1 bengalixxxcouple